| 000 | 00642nam a2200217Ia 4500 | ||
|---|---|---|---|
| 008 | 160517s9999 xx 000 0 und d | ||
| 050 | _aT 58.5 | ||
| 050 | _b.N278 2016 | ||
| 100 | _aNatividad, Micah Arlly T. | ||
| 245 | _aDental patient information management system with scheduling for muzho dental haven / | ||
| 245 | _cMicah Arlly T. Natividad. | ||
| 260 | _aLas PiƱas, Philippines : | ||
| 260 | _bSISC, | ||
| 260 | _c2016. | ||
| 300 | _a138 pages : | ||
| 300 | _billustrations ; | ||
| 300 | _c28 cm. | ||
| 500 | _aIncludes bibliographical references and appendices. | ||
| 521 | _aInformation Technology | ||
| 942 | _cTH | ||
| 999 |
_c293921 _d293921 |
||